ARRUPE JESUIT UNIVERSITY

CORONAVIRUS -STOP THE SPREAD - CLEAN,DISINFECT,COVER

A Happy Generation (Record no. 126144)

MARC details
000 -LEADER
fixed length control field 00431nam a22001337a 4500
008 - FIXED-LENGTH DATA ELEMENTS--GENERAL INFORMATION
fixed length control field 170216b xxu||||| |||| 00| 0 eng d
050 ## - LIBRARY OF CONGRESS CALL NUMBER
Classification number RA644.A25 A312
100 ## - MAIN ENTRY--PERSONAL NAME
Personal name AJAN
9 (RLIN) 29155
245 ## - TITLE STATEMENT
Title A Happy Generation
Remainder of title Ajan HIV and AIDS prevention program for the youth
Statement of responsibility, etc Ajan
250 ## - EDITION STATEMENT
Edition statement Vol. 1
260 ## - PUBLICATION, DISTRIBUTION, ETC. (IMPRINT)
Place of publication, distribution, etc Nairobi
Name of publisher, distributor, etc African Jesuits AIDS network
Date of publication, distribution, etc 2012
300 ## - PHYSICAL DESCRIPTION
Extent viii, 159p. ;
Dimensions 25cm.
650 ## - SUBJECT ADDED ENTRY--TOPICAL TERM
Topical term or geographic name as entry element AIDS (Disease)
Geographic subdivision Africa
9 (RLIN) 26556
942 ## - ADDED ENTRY ELEMENTS (KOHA)
Source of classification or shelving scheme Library of Congress Classification
Item type Monograph ( Printed materials)
Holdings
Withdrawn status Lost status Source of classification or shelving scheme Damaged status Not for loan Collection code Home library Current library Shelving location Date acquired Total Checkouts Full call number Barcode Date last seen Price effective from Koha item type
    Library of Congress Classification     Main Collection ARRUPE LIBRARY ARRUPE LIBRARY Main Collection 16/02/2017   RA644.A25 A312 46500023546 02/07/2019 16/02/2017 Monograph ( Printed materials)

 

Arrupe Library. PO Box MP320 Mt Pleasant, Harare, Zimbabwe
263 242 745411|librarian@aju.ac.zw